भूमंडलीकरण और भारतः (Record no. 26301)

MARC details
000 -LEADER
fixed length control field 05102nam a22005057a 4500
005 - DATE AND TIME OF LATEST TRANSACTION
control field 20090513120356.0
008 - FIXED-LENGTH DATA ELEMENTS--GENERAL INFORMATION
fixed length control field 090513t xxu||||| |||| 00| 0 hin d
010 ## - LCCN (DPL NO)
LC control number HIN-86454
020 ## - INTERNATIONAL STANDARD BOOK NUMBER
International Standard Book Number 8171381707
Terms of availability 400.00
035 ## - SYSTEM CONTROL NUMBER
System control number HN-58800
035 ## - SYSTEM CONTROL NUMBER
System control number B-352470-484
037 ## - SOURCE OF ACQUISITION
Source of stock number/acquisition DBAD / PUB
037 ## - SOURCE OF ACQUISITION
Source of stock number/acquisition सामयिक प्रकाशन
040 ## - CATALOGING SOURCE
Original cataloging agency dpl
Language of cataloging hn
082 ## - DEWEY DECIMAL CLASSIFICATION NUMBER
Classification number 303.482
100 ## - MAIN ENTRY--PERSONAL NAME
Personal name अमित कुमार सिंह
245 ## - TITLE STATEMENT
Title भूमंडलीकरण और भारतः
Remainder of title परिदृश्य और विकल्प /
Statement of responsibility, etc अमित कुमार सिंह
246 ## - VARYING FORM OF TITLE
Title proper/short title Bhumandaliikarana aura Bhaarata : paridrishya aura vikalpa
Remainder of title by Amit Kumar Singh
260 ## - PUBLICATION, DISTRIBUTION, ETC. (IMPRINT)
Place of publication, distribution, etc नई दिल्ली
Name of publisher, distributor, etc सामयिक प्रकाशन
Date of publication, distribution, etc 2009
270 ## - ADDRESS
Address 3320-21, जटवाड़ा, नेताजी सुभाष मार्ग दरियागंज,
City नई दिल्ली
Postal code 110002
Telephone number 011-23282733, 09868934715, 09811607086
Fax number 23270715
Electronic mail address samayikprakashan@rediffmail.com
300 ## - PHYSICAL DESCRIPTION
Extent 288 पृ.
Dimensions 22सेमी (सजिल्द)
650 ## - SUBJECT ADDED ENTRY--TOPICAL TERM
Topical term or geographic name as entry element भूमंडलीकरण
650 ## - SUBJECT ADDED ENTRY--TOPICAL TERM
Topical term or geographic name as entry element Globalization
651 ## - SUBJECT ADDED ENTRY--GEOGRAPHIC NAME
Geographic name भारत
General subdivision अंतर्राष्ट्रीय संबंध
651 ## - SUBJECT ADDED ENTRY--GEOGRAPHIC NAME
Geographic name India
General subdivision International relations
700 ## - ADDED ENTRY--PERSONAL NAME
Personal name कुशवाहा, सुभाष चंद्र
942 ## - ADDED ENTRY ELEMENTS (KOHA)
Source of classification or shelving scheme Dewey Decimal Classification
Item type Hindi Books
Call number suffix अमित
Classification part 303.482
Holdings
Withdrawn status Lost status Source of classification or shelving scheme Damaged status Not for loan Home library Current library Date acquired Source of acquisition Cost, normal purchase price Total Checkouts Full call number Barcode Date last seen Copy number Cost, replacement price Koha item type Collection code Total Renewals
    Dewey Decimal Classification     Central Jail Tihar Central Jail Tihar 01/02/2010 1001(1)/20.07.09/95/11.07.09/29.07.09 400.00   303.482 अमित B-352477 01/02/2010 1 400.00 Hindi Books Non-fiction  
    Dewey Decimal Classification     Central Library Central Library 01/02/2010 1001(1)/20.07.09/95/11.07.09/29.07.09 400.00   303.482 अमित B-352470 01/02/2010 1 400.00 Hindi Books Non-fiction  
    Dewey Decimal Classification   Not For Loan D.B.Act.Division D.B.Act.Division 13/05/2009 DBAD / PUB 400.00   303.482 अमित HN-58800 13/05/2009 1 400.00 Hindi Books    
    Dewey Decimal Classification     Janak Puri Janak Puri 01/02/2010 1001(1)/20.07.09/95/11.07.09/29.07.09 400.00 12 303.482 अमित B-352478 03/06/2023 1 400.00 Hindi Books Non-fiction 8
    Dewey Decimal Classification     Karol Bagh Karol Bagh 01/02/2010 1001(1)/20.07.09/95/11.07.09/29.07.09 400.00   303.482 अमित B-352482 01/02/2010 1 400.00 Hindi Books Non-fiction  
    Dewey Decimal Classification     Kasturba Gandhi Marg Kasturba Gandhi Marg 01/02/2010 1001(1)/20.07.09/95/11.07.09/29.07.09 400.00 1 303.482 अमित B-352474 13/07/2018 1 400.00 Hindi Books Non-fiction  
    Dewey Decimal Classification     Mobile Library Mobile Library 01/02/2010 1001(1)/20.07.09/95/11.07.09/29.07.09 400.00   303.482 अमित B-352471 01/02/2010 2 400.00 Hindi Books Non-fiction  
    Dewey Decimal Classification     Mobile Library Mobile Library 01/02/2010 1001(1)/20.07.09/95/11.07.09/29.07.09 400.00   303.482 अमित B-352472 01/02/2010 2 400.00 Hindi Books Non-fiction  
    Dewey Decimal Classification     Patel Nagar Patel Nagar 01/02/2010 1001(1)/20.07.09/95/11.07.09/29.07.09 400.00   303.482 अमित B-352473 01/02/2010 1 400.00 Hindi Books Non-fiction  
    Dewey Decimal Classification     Peshwa Road Peshwa Road 01/02/2010 1001(1)/20.07.09/95/11.07.09/29.07.09 400.00   303.482 अमित B-352475 01/02/2010 1 400.00 Hindi Books Non-fiction  
    Dewey Decimal Classification     R.K.Puram-8 R.K.Puram-8 01/02/2010 1001(1)/20.07.09/95/11.07.09/29.07.09 400.00   303.482 अमित B-352480 01/02/2010 1 400.00 Hindi Books Non-fiction  
    Dewey Decimal Classification     Sarojini Nagar Sarojini Nagar 01/02/2010 1001(1)/20.07.09/95/11.07.09/29.07.09 400.00 3 303.482 अमित B-352479 23/03/2022 1 400.00 Hindi Books Non-fiction 4
    Dewey Decimal Classification     Shahdara Branch Shahdara Branch 01/02/2010 1001(1)/20.07.09/95/11.07.09/29.07.09 400.00 10 303.482 अमित B-352483 11/04/2022 1 400.00 Hindi Books Non-fiction 2
    Dewey Decimal Classification     Tri Nagar Tri Nagar 01/02/2010 1001(1)/20.07.09/95/11.07.09/29.07.09 400.00   303.482 अमित B-352476 01/02/2010 1 400.00 Hindi Books Non-fiction  
    Dewey Decimal Classification     Vinoba Puri Vinoba Puri 01/02/2010 1001(1)/20.07.09/95/11.07.09/29.07.09 400.00 4 303.482 अमित B-352481 06/04/2021 1 400.00 Hindi Books Non-fiction 1
    Dewey Decimal Classification     Yojana Vihar Yojana Vihar 01/02/2010 1001(1)/20.07.09/95/11.07.09/29.07.09 400.00   303.482 अमित B-352484 01/02/2010 1 400.00 Hindi Books Non-fiction  

© Delhi Public Library
Hit Counter
free hit counter